Bahasa negara dan bangsa

Bibliographic Details
Main Author: Jeniri Amir (Author)
Format: Book
Published: Kuala Lumpur : Dewan Bahasa dan Pustaka 2009
Subjects:

MARC

LEADER 00000cam a2200000 7i4500
001 0000095300
005 20250610155217.0
020 |a 9789834601966 (  |q paperback) 
040 |e rda 
041 |a Malay 
090 0 0 |a 499.238   |b JEN 
100 0 |a Jeniri Amir ,   |e (author) 
245 0 0 |a Bahasa negara dan bangsa   |c Jeniri Amir 
264 1 |a Kuala Lumpur :   |b Dewan Bahasa dan Pustaka   |c 2009 
300 |a 246 pages ;   |c 22 cm. 
336 |a text  |2 rdacontent 
337 |a unmediated  |2 rdamedia 
338 |a volume  |2 rdacarrier 
500 |a Includes index 
504 |a Includes bibliographical references 
541 |c Donation book   |f DO Mersing 
650 1 0 |a Malay language   |x Social aspects 
650 1 0 |a Malay language   |x Usage 
999 |a 0001816041   |b Book   |c Adult Collection   |e Perbadanan Perpustakaan Awam Johor